000 00384nam a22001457a 4500
003 OSt
008 250107b |||||||| |||| 00| 0 eng d
041 _aeng
082 _a604.2
_bBHA/EL
100 _aBhatt, ND
_96828
245 _aElementary Engineering Drawing
_b(Plane and Solid Geometry)
250 _a16th
260 _aAnand :
_bCharotar publishing house ,
_c1983.
942 _cBK
999 _c18980
_d18980